00493nam a22001817a 450000500170000001000140001702000260003103500170005703700190007408200060009310000230009924500500012226000330017227000370020530000340024249000150027670000200029120171115155631.0 a1718CH-EN a9789351033738c295.00 aB-671164-193 adplbBook Well aS1 aStilton, Geronimo.14aHeromice :brobot attack /cGeronimo Stilton  aNew York :bScholasticc2016 a557 BroadwaybNew YorkeNY 10012 a117p.:bcol. ill., c20cm(pb) aHeromice-21 aUsai,Lucaeill.